[Event "NZL-ch (Women)"]
[Site "Auckland"]
[Date "2022.04.18"]
[Round "4"]
[White "Yue, Annie"]
[Black "Van der Walt, Alida Berandina"]
[Result "1/2-1/2"]
[WhiteElo "1300"]
[BlackElo "1316"]
[PlyCount "97"]
[EventDate "2022.04.17"]
[EventType "swiss"]
[EventRounds "7"]
[EventCountry "NZL"]
[SourceTitle "EXT 2024"]
[Source "ChessBase"]
[SourceDate "2023.10.10"]
[SourceVersion "1"]
[SourceVersionDate "2023.10.10"]
[SourceQuality "1"]

1. e4 e6 2. d4 d5 3. exd5 exd5 4. Nf3 Nf6 5. Bf4 Bd6 6. Bg5 Be6 7. Be2 Nbd7 8. Nbd2 0-0 9. c4 dxc4 10. Nxc4 Bb4+ 11. Ncd2 Re8 12. 0-0 Be7 13. Qc2 Nf8 14. Nc4 Nd5 15. Bxe7 Rxe7 16. Ne3 Ng6 17. Nxd5 Bxd5 18. Rad1 Nf4 19. Bc4 Bxc4 20. Qxc4 Qd7 21. Ne5 Qf5 22. f3 Qg5 23. g3 c6 24. Nd3 Ne2+ 25. Kg2 Rd8 26. Rf2 Rxd4 27. Qc2 Rxd3 28. Rxe2 Rxd1 29. Qxd1 Rxe2+ 30. Qxe2 Qd8 31. g4 g6 32. Kg3 Qd5 33. a3 Qd6+ 34. f4 Kf8 35. h4 Qd5 36. Qe3 Qb5 37. Qd4 Qb3+ 38. Kh2 Qd5 39. Qxd5 cxd5 40. Kg2 Ke7 41. Kf3 Kd6 42. b4 b6 43. Ke3 Ke6 44. Kd4 f5 45. g5 a6 46. Kd3 b5 47. Kd4 Kd6 48. Kd3 Kc6 49. Kd4 1/2-1/2

[Event "RSA-ch U16 Girls"]
[Site "Gauteng"]
[Date "2017.04.08"]
[Round "7"]
[White "Van der Walt, Alida Berandina"]
[Black "Parthiephal, Dayaan"]
[Result "1/2-1/2"]
[WhiteElo "1375"]
[BlackElo "1297"]
[PlyCount "33"]
[EventDate "2017.04.05"]
[EventType "swiss"]
[EventRounds "11"]
[EventCountry "RSA"]
[SourceTitle "CBM 177 Extra"]
[Source "ChessBase"]
[SourceDate "2017.04.27"]
[SourceVersion "1"]
[SourceVersionDate "2017.04.27"]
[SourceQuality "1"]

1. e4 e5 2. Nf3 Nc6 3. Bb5 a6 4. Bxc6 dxc6 5. 0-0 Bd6 6. Re1 Bg4 7. d3 h6 8. c3 c5 9. Be3 Ne7 10. Nbd2 Nc6 11. Nf1 Qf6 12. N1d2 0-0 13. h3 Bh5 14. Qe2 Rad8 15. Rad1 Qe6 16. b3 a5 17. a4 1/2-1/2

[Event "RSA-ch U16 Girls"]
[Site "Gauteng"]
[Date "2017.04.06"]
[Round "3"]
[White "Van der Walt, Alida Berandina"]
[Black "Van der Walt, Marelize"]
[Result "1-0"]
[WhiteElo "1375"]
[BlackElo "1063"]
[PlyCount "109"]
[EventDate "2017.04.05"]
[EventType "swiss"]
[EventRounds "11"]
[EventCountry "RSA"]
[SourceTitle "CBM 177 Extra"]
[Source "ChessBase"]
[SourceDate "2017.04.27"]
[SourceVersion "1"]
[SourceVersionDate "2017.04.27"]
[SourceQuality "1"]

1. e4 e5 2. Nf3 Nc6 3. Bb5 a6 4. Bxc6 dxc6 5. 0-0 Bg4 6. c3 c5 7. Re1 Bd6 8. d3 Ne7 9. Be3 0-0 10. Nbd2 b5 11. a4 c6 12. Nf1 Ng6 13. h3 Bxf3 14. Qxf3 Be7 15. Rad1 Qd7 16. Ng3 Rab8 17. a5 b4 18. Nf5 bxc3 19. Nxe7+ Qxe7 20. bxc3 Rb3 21. Bd2 Rd8 22. Qe2 Rb2 23. Qg4 Qd7 24. Qxd7 Rxd7 25. Be3 Rc2 26. Bxc5 Rxc3 27. d4 exd4 28. Rxd4 Rxd4 29. Bxd4 Rc4 30. Rd1 h6 31. f3 Nf4 32. Be3 Ne6 33. Rb1 Nc7 34. Rb6 Kf8 35. Bf4 Nb5 36. Rxa6 Ke7 37. Rb6 Ra4 38. Rxc6 Rxa5 39. Rc5 Ra1+ 40. Kh2 Rb1 41. Rc8 Nd4 42. Be5 Ne6 43. Rb8 Rd1 44. Rb7+ Ke8 45. Rb6 Ke7 46. f4 f6 47. f5 Ng5 48. Bf4 Nf7 49. Rb7+ Ke8 50. Rb8+ Rd8 51. Rxd8+ Kxd8 52. Kg3 Kd7 53. Kg4 Ke7 54. Kh5 Kf8 55. g4 1-0

[Event "Africa-ch U14 Girls"]
[Site "Port Elizabeth"]
[Date "2016.08.24"]
[Round "5"]
[White "Van der Walt, Alida Berandina"]
[Black "Adel, Sara"]
[Result "0-1"]
[WhiteElo "1279"]
[BlackElo "1628"]
[PlyCount "78"]
[EventDate "2016.08.22"]
[EventType "swiss"]
[EventRounds "9"]
[EventCountry "RSA"]
[SourceTitle "CBM 174 Extra"]
[Source "ChessBase"]
[SourceDate "2016.10.10"]
[SourceVersion "1"]
[SourceVersionDate "2016.10.10"]
[SourceQuality "1"]

1. e4 c6 2. d4 d5 3. Nc3 dxe4 4. Nxe4 Bf5 5. Ng3 Bg6 6. Nf3 Nd7 7. h4 h6 8. Be3 Ngf6 9. Bc4 Nd5 10. Bd2 e6 11. Ne5 Nxe5 12. dxe5 Qc7 13. f4 Be7 14. Qc1 Bc5 15. Rf1 Rc8 16. Bb3 Bh7 17. Bxd5 cxd5 18. c3 Bd3 19. Rf3 Ba6 20. Be3 Bxe3 21. Rxe3 d4 22. Rf3 dxc3 23. bxc3 Qc5 24. Rb1 Qg1+ 25. Nf1 Qxg2 26. Rf2 Qc6 27. Rc2 Bd3 28. Rcb2 Qh1 29. Rf2 Bxf1 30. Rxf1 Qxh4+ 31. Rf2 Qh1+ 32. Ke2 Qe4+ 33. Kd1 Rd8+ 34. Rd2 Qh1+ 35. Kc2 Qxc1+ 36. Kxc1 Rxd2 37. Kxd2 b6 38. Rg1 g6 39. Kd3 Kd7 0-1

[Event "Africa-ch U14 Girls"]
[Site "Port Elizabeth"]
[Date "2016.08.23"]
[Round "3"]
[White "Nassr, Lina"]
[Black "Van der Walt, Alida Berandina"]
[Result "0-1"]
[WhiteElo "1625"]
[BlackElo "1279"]
[PlyCount "116"]
[EventDate "2016.08.22"]
[EventType "swiss"]
[EventRounds "9"]
[EventCountry "RSA"]
[SourceTitle "CBM 174 Extra"]
[Source "ChessBase"]
[SourceDate "2016.10.10"]
[SourceVersion "1"]
[SourceVersionDate "2016.10.10"]
[SourceQuality "1"]

1. e4 e5 2. Nf3 Nc6 3. d4 exd4 4. Bc4 Nf6 5. e5 d5 6. Bb5 Ne4 7. Nxd4 Bd7 8. Bxc6 bxc6 9. 0-0 Bc5 10. Be3 0-0 11. Kh1 Re8 12. f3 Ng5 13. Nxc6 Bxc6 14. Bxc5 Ne6 15. Bd4 Qg5 16. c3 Bb5 17. Re1 Qg6 18. Na3 Ba6 19. Qd2 c5 20. Bf2 Red8 21. Rad1 Rab8 22. b3 h6 23. Nc2 Rb7 24. b4 c4 25. Bd4 Bb5 26. Na3 Ba4 27. Rb1 Rdb8 28. f4 Qf5 29. Rf1 a5 30. Be3 axb4 31. Rxb4 Rxb4 32. cxb4 Rd8 33. Bd4 Qe4 34. Bg1 Rc8 35. Rf3 d4 36. f5 c3 37. Qd3 Qxd3 38. Rxd3 c2 39. Nxc2 Bxc2 40. Rd2 Bxf5 41. h3 d3 42. b5 Rb8 43. b6 Nf4 44. a4 Be4 45. Kh2 Nxg2 46. a5 Ra8 47. Ra2 Bb7 48. Kg3 Ne1 49. Kf2 Nc2 50. Kf1 Ba6 51. Kf2 Rb8 52. Rb2 d2 53. Rb1 Rd8 54. Rd1 Na3 55. Kf3 Nc4 56. Be3 Rd3 57. Kf2 Nxe3 58. Rxd2 Rxd2+ 0-1

[Event "RSA-ch U14 Girls"]
[Site "Bloemfontein"]
[Date "2016.03.22"]
[Round "4"]
[White "Van der Walt, Alida Berandina"]
[Black "Claassen, Anke"]
[Result "1/2-1/2"]
[WhiteElo "1322"]
[BlackElo "1288"]
[PlyCount "46"]
[EventDate "2016.03.20"]
[EventType "swiss"]
[EventRounds "11"]
[EventCountry "RSA"]
[SourceTitle "CBM 171 Extra"]
[Source "ChessBase"]
[SourceDate "2016.04.26"]
[SourceVersion "1"]
[SourceVersionDate "2016.04.26"]
[SourceQuality "1"]

1. e4 e5 2. Nf3 Nc6 3. Bb5 f5 4. Bxc6 dxc6 5. Nc3 Nf6 6. d3 fxe4 7. dxe4 Qxd1+ 8. Kxd1 Bg4 9. Ke2 0-0-0 10. Be3 Bb4 11. Bd2 Rd7 12. h3 Bxf3+ 13. gxf3 Rhd8 14. Rad1 Nh5 15. a3 Bc5 16. Na4 Bxf2 17. Rh2 Bg3 18. Rg2 Nf4+ 19. Bxf4 Bxf4 20. Rd3 Rxd3 21. cxd3 g6 22. Nc5 Rd6 23. Nb3 b6 1/2-1/2